Estudio sobre las variables asociadas a la apertura o al rechazo de cambio de normas éticas por parte de ciertas categorías sociales dentro del contexto de la modernización

Saved in:
Bibliografiske detaljer
Main Authors: Marín Campos, Rosa (autora), Valenzuela Rodríguez, Carolina (Author)
Format: Bog
Sprog:spansk
Udgivet: Valparaíso Universidad Católica de Valparaíso 1998
Fag:
Tags: Tilføj Tag
Ingen Tags, Vær først til at tagge denne postø!

MARC

LEADER 00000nam a2200000 a 4500
001 UCP7169
003 CL-VaPUC
008 991203e19980000CL |||||||||||||||||spa|d
082 0 4 |a 519.5  |b MAR  |2 21 
100 |a Marín Campos, Rosa  |e autora  |9 778670 
700 0 |a Valenzuela Rodríguez, Carolina  |e author  |9 436593 
245 1 0 |a Estudio sobre las variables asociadas a la apertura o al rechazo de cambio de normas éticas por parte de ciertas categorías sociales dentro del contexto de la modernización 
300 |a 101 h 
942 |c BK 
945 |d 19991203 00:00:00  |a rbrito 
260 |a Valparaíso  |b Universidad Católica de Valparaíso  |c 1998 
500 |a Taller de Estadística 
650 0 |a Análisis estadístico  |9 269506 
650 0 |a Estadística matemática  |9 260028 
650 0 |a Valores sociales  |9 309627 
650 0 |a Divorcio  |9 256204 
650 0 |a Aborto  |9 256680 
650 0 |a Sexualidad  |9 358183 
583 |a last modification  |c 19991203 00:00:00  |k Rodrigo Vera 
999 |c 284484  |d 284482 
952 |0 0  |1 2  |4 0  |6 519_500000000000000_MAR_1998  |7 0  |8 F  |9 328547  |a BIBGIM  |b BIBGIM  |d 2019-11-20  |i 3572757  |o 519.5 MAR 1998  |p 3572757  |r 2019-11-20  |w 2019-11-20  |y BK_F  |k EST